000 01324nam a2200181Ia 4500
008 220216s9999 xx 000 0 und d
100 _aTan A G
245 0 _aPreservative treatment of green rubberwood(Hevea brasiliensis) by vacuum-pressure impregnation
260 _bMalaysian Forester
_c1983
300 _a375-386
520 _aThe treatment trials, aimed at establishing the feasibility of impregnating green sawn Rubberwood with preservatives by the vacuum-pressure process, were carried out. The test pieces were treated with solutions of borax pentahydrate of different concentrations. To control sapstain infection in the treated wood during seasoning, the solutions were incorporated with an anti-sapstain chemical. The results obtained show that green Rubberwood can be successfully treated with preservatives by the above-mentioned process. Using a 3;w/w borax pentahydrate solution, treatment of the sawn timber may be carried out within a few days of conversion. For thicker wood pieces, it is advisable to allow them to air-season for a week or longer before being kiln-dried to ensure that their cores are adequately loaded with the preservative.
650 _aGreen rubberwood
650 _aRubberwood
650 _aRubberwood preservation
700 _aChong K W
700 _aTam M K
942 _cBO
999 _c48158
_d48158